[Event "CYCC U10"]
[Site "Hamilton CAN"]
[Date "2022.07.09"]
[Round "4.10"]
[White "Wang, Eric"]
[Black "Su, Jayden"]
[Result "0-1"]
[WhiteElo "918"]
[BlackElo "1267"]
[PlyCount "144"]
[EventDate "2022.07.08"]
[EventType "swiss"]
[EventRounds "7"]
[EventCountry "CAN"]

1. e4 e6 2. d4 d5 3. e5 c5 4. c3 Nc6 5. Nf3 Qb6 6. Be2 cxd4 7. cxd4 Bd7 8. Nc3
Nge7 9. O-O Nf5 10. Na4 Qc7 11. Qd3 Nxe5 12. Nxe5 Bxa4 13. Be3 Bd7 14. Bg4 a6
15. Nxd7 Qxd7 16. Bxf5 exf5 17. h3 Bd6 18. Rfe1 O-O 19. Rac1 Rac8 20. Qb3 h6
21. Bd2 Rfe8 22. Rxe8+ Rxe8 23. Bb4 Bxb4 24. Qxb4 Re4 25. Rc5 Qe7 26. Qc3 Re1+
27. Kh2 Qe2 28. Rxd5 Qxf2 29. Qc8+ Kh7 30. Qxf5+ Qxf5 31. Rxf5 Kg6 32. Rc5 Re2
33. Rc7 Rxb2 34. Kg3 Kf6 35. d5 Rb6 36. d6 Rxd6 37. Rxb7 Ke6 38. Kh2 Rd7 39.
Rb6+ Rd6 40. Rb7 g5 41. Kg3 f5 42. Rh7 Ke5 43. Re7+ Kf6 44. Rh7 Kg6 45. Re7 f4+
46. Kh2 Kh5 47. Re2 Rd3 48. Rc2 Ra3 49. Re2 Re3 50. Rd2 f3 51. g4+ Kh4 52. Rd6
Re2+ 53. Kg1 Kg3 54. Rd1 f2+ 55. Kf1 Re1+ 56. Rxe1 fxe1=R+ 57. Kxe1 Kxh3 58.
Kf2 Kxg4 59. a4 h5 60. a5 h4 61. Kg2 h3+ 62. Kh2 Kh4 63. Kh1 g4 64. Kg1 g3 65.
Kh1 Kg4 66. Kg1 Kf3 67. Kh1 g2+ 68. Kg1 h2+ 69. Kxh2 Kf2 70. Kh3 g1=Q 71. Kh4
Qg6 72. Kh3 Qg3# 0-1

[Event "CYCC U10"]
[Site "Hamilton CAN"]
[Date "2022.07.09"]
[Round "4.11"]
[White "Yang, Nathan"]
[Black "Wang, Patrick"]
[Result "1-0"]
[WhiteElo "1169"]
[BlackElo "868"]
[PlyCount "95"]
[EventDate "2022.07.08"]
[EventType "swiss"]
[EventRounds "7"]
[EventCountry "CAN"]

1. d4 d5 2. Bf4 Nf6 3. e3 c5 4. Nd2 Nc6 5. c3 e6 6. Bd3 c4 7. Bc2 Qb6 8. Qb1
Be7 9. h3 O-O 10. Ngf3 Nh5 11. Bh2 f5 12. g4 Nf6 13. gxf5 exf5 14. Bxf5 Bxf5
15. Qxf5 Ne4 16. Qxd5+ Rf7 17. Qxe4 Qxb2 18. O-O Qxc3 19. Rfc1 Qd3 20. Qxd3
cxd3 21. Rc3 Bb4 22. Rxd3 Bxd2 23. Nxd2 Raf8 24. Bg3 Ne7 25. Bd6 Nf5 26. Bxf8
Rxf8 27. Rb3 b6 28. Rc1 Nh4 29. Rc7 Rf7 30. Rc8+ Rf8 31. Rbc3 Nf5 32. Rxf8+
Kxf8 33. Rc8+ Ke7 34. Rc7+ Kf6 35. Rxa7 Kg6 36. Ra6 Kh6 37. Rxb6+ g6 38. a4 Ne7
39. a5 Nc8 40. Rb8 Na7 41. a6 Nc6 42. Rb7 Nd8 43. a7 Nxb7 44. a8=Q Nd6 45. Ne4
Nb5 46. Qf8+ Kh5 47. Ng3+ Kg5 48. Qf4# 1-0

[Event "CYCC U10"]
[Site "Hamilton CAN"]
[Date "2022.07.09"]
[Round "4.12"]
[White "Xing, Percy"]
[Black "Chen, Tymon"]
[Result "1/2-1/2"]
[WhiteElo "1161"]
[BlackElo "647"]
[PlyCount "51"]
[EventDate "2022.07.08"]
[EventType "swiss"]
[EventRounds "7"]
[EventCountry "CAN"]

1. d4 Nf6 2. c4 g6 3. Nc3 Bg7 4. Bf4 O-O 5. e3 d6 6. Nf3 Bg4 7. h3 Bf5 8. Bd3
Bxd3 9. Qxd3 Nbd7 10. O-O Re8 11. Rfe1 e5 12. Bg5 h6 13. Bxf6 Qxf6 14. Nd5 Qd8
15. Qb3 Nb6 16. Nxb6 axb6 17. Rad1 exd4 18. Nxd4 Qf6 19. Nb5 Rec8 20. Nc3 Qg5
21. Nd5 Kf8 22. a3 Qe5 23. Nc3 Re8 24. Nb5 Rac8 25. Nc3 Qf5 26. Nd5 1/2-1/2

[Event "CYCC U10"]
[Site "Hamilton CAN"]
[Date "2022.07.09"]
[Round "4.13"]
[White "Buitelaar, Jake"]
[Black "Yang, Jayden"]
[Result "0-1"]
[WhiteElo "886"]
[BlackElo "1071"]
[PlyCount "68"]
[EventDate "2022.07.08"]
[EventType "swiss"]
[EventRounds "7"]
[EventCountry "CAN"]

1. e4 c5 2. Nf3 Nc6 3. Nc3 Nf6 4. Bc4 e6 5. O-O Be7 6. d3 O-O 7. Bf4 d5 8. exd5
exd5 9. Bb5 Bg4 10. h3 Bh5 11. Bg5 Nd4 12. g4 Nxg4 13. Nxd4 cxd4 14. hxg4 Bxg5
15. gxh5 dxc3 16. bxc3 a6 17. Ba4 Rc8 18. Qg4 f5 19. Qd4 Bf6 20. Qe3 Bxc3 21.
Rab1 f4 22. Qe6+ Kh8 23. Rxb7 Qg5+ 24. Kh2 f3 25. Rg1 Be5+ 26. Rg3 Bxg3+ 27.
fxg3 f2 28. h6 Qxh6+ 29. Qxh6 gxh6 30. Rb1 f1=R 31. Rxf1 Rxf1 32. Bd7 Rxc2+ 33.
Kh3 h5 34. Be6 Rh1# 0-1

[Event "CYCC U10"]
[Site "Hamilton CAN"]
[Date "2022.07.09"]
[Round "4.14"]
[White "Shen, Denis"]
[Black "Li, Ryan"]
[Result "0-1"]
[WhiteElo "798"]
[BlackElo "1110"]
[PlyCount "52"]
[EventDate "2022.07.08"]
[EventType "swiss"]
[EventRounds "7"]
[EventCountry "CAN"]

1. e4 c6 2. d4 d5 3. e5 Bf5 4. h3 e6 5. a3 c5 6. c3 Nc6 7. Nf3 Qb6 8. Nh4 Nge7
9. Bd3 cxd4 10. Nxf5 Nxf5 11. O-O O-O-O 12. Qe2 dxc3 13. Nxc3 Nfd4 14. Qg4 Nxe5
15. Qg3 Ndf3+ 16. gxf3 Nxd3 17. Na4 Qb3 18. Bg5 f6 19. Qg4 d4 20. Bf4 Nxf4 21.
Qxf4 Bd6 22. Rac1+ Kb8 23. Qe4 Qxa4 24. b3 Qb5 25. a4 Qe5 26. Qd3 Qh2# 0-1

[Event "CYCC U10"]
[Site "Hamilton CAN"]
[Date "2022.07.09"]
[Round "4.15"]
[White "Wu, Yihang"]
[Black "Bi, William"]
[Result "1/2-1/2"]
[WhiteElo "987"]
[BlackElo "1204"]
[PlyCount "41"]
[EventDate "2022.07.08"]
[EventType "swiss"]
[EventRounds "7"]
[EventCountry "CAN"]

1. e4 e5 2. Nc3 Nf6 3. f4 d6 4. Nf3 Nc6 5. Bb5 Bg4 6. O-O Be7 7. h3 Bxf3 8.
Qxf3 a6 9. Bxc6+ bxc6 10. d3 O-O 11. Kh1 Nd7 12. f5 Bf6 13. Ne2 Bg5 14. Qg4
Bxc1 15. Raxc1 Nf6 16. Qf3 d5 17. Ng3 d4 18. Nh5 Nxh5 19. Qxh5 Qf6 20. Rf3 Rab8
21. b3 1/2-1/2

[Event "CYCC U10"]
[Site "Hamilton CAN"]
[Date "2022.07.09"]
[Round "4.16"]
[White "Zhan, Jayden"]
[Black "Lee, Daniel"]
[Result "0-1"]
[WhiteElo "982"]
[BlackElo "873"]
[PlyCount "70"]
[EventDate "2022.07.08"]
[EventType "swiss"]
[EventRounds "7"]
[EventCountry "CAN"]

1. Nf3 Nc6 2. g3 Nf6 3. d4 d5 4. Bg2 Bf5 5. a3 e6 6. Bg5 h6 7. Be3 Bd6 8. c4
dxc4 9. Nbd2 b5 10. Nh4 Nd5 11. Bxd5 exd5 12. Nxf5 Qf6 13. Nxd6+ Qxd6 14. Nf3
O-O 15. O-O Rfe8 16. b3 Re7 17. Qc2 Na5 18. Nd2 Rae8 19. Qc3 Nc6 20. bxc4 dxc4
21. Rfb1 a6 22. a4 Qd5 23. Rc1 Qh5 24. Nf3 Nb8 25. axb5 axb5 26. Qc2 Nd7 27.
Kg2 Qd5 28. h3 Nf6 29. Ra5 Ne4 30. Kg1 Nxg3 31. Rb1 c6 32. Kg2 Nf5 33. Bf4 Rxe2
34. Qc3 Qe4 35. Bc1 Qxb1 0-1

[Event "CYCC U10"]
[Site "Hamilton CAN"]
[Date "2022.07.09"]
[Round "4.17"]
[White "Zhuang, Samuel"]
[Black "Patil, Tanishq"]
[Result "1-0"]
[WhiteElo "862"]
[BlackElo "1111"]
[PlyCount "89"]
[EventDate "2022.07.08"]
[EventType "swiss"]
[EventRounds "7"]
[EventCountry "CAN"]

1. d4 d5 2. c4 e6 3. Nc3 Nf6 4. Bg5 Be7 5. Nf3 O-O 6. e3 h6 7. Bh4 b6 8. Bd3
Bb7 9. Ne5 Nbd7 10. f4 Nh7 11. Bxe7 Qxe7 12. O-O Rfd8 13. Bxh7+ Kxh7 14. cxd5
Nxe5 15. fxe5 Bxd5 16. Nxd5 Rxd5 17. Qc2+ Kg8 18. b4 c5 19. bxc5 bxc5 20. Rf4
Qg5 21. Qe4 Rad8 22. Rd1 Qh5 23. Qf3 Qxf3 24. gxf3 Rxe5 25. Re4 Red5 26. f4 Kf8
27. Kf2 Ke7 28. Ke2 f5 29. Re5 Rxe5 30. fxe5 cxd4 31. exd4 g5 32. Ke3 Rd7 33.
h4 g4 34. h5 Rb7 35. Rd2 Kd7 36. Kd3 Kd8 37. Ke3 Rg7 38. Kf4 g3 39. Rg2 Kd7 40.
Rb2 Kc6 41. Rc2+ Kd5 42. Ke3 f4+ 43. Kd3 Rc7 44. Rxc7 g2 45. Rc5# 1-0

[Event "CYCC U10"]
[Site "Hamilton CAN"]
[Date "2022.07.09"]
[Round "4.18"]
[White "Guillemette, Thomas"]
[Black "Maslov, Yan"]
[Result "1-0"]
[WhiteElo "800"]
[BlackElo "792"]
[PlyCount "69"]
[EventDate "2022.07.08"]
[EventType "swiss"]
[EventRounds "7"]
[EventCountry "CAN"]

1. e4 e5 2. Nf3 Nc6 3. Bc4 Bc5 4. c3 Nf6 5. d3 O-O 6. a4 Ng4 7. O-O d6 8. b4 d5
9. exd5 Bxb4 10. dxc6 Bxc3 11. Nxc3 Qf6 12. cxb7 Bxb7 13. Nd5 Qd6 14. Qb3 Bc6
15. Ne3 e4 16. dxe4 Nxe3 17. Qxe3 Qf6 18. e5 Qg6 19. Qg5 Qe4 20. Ba2 h6 21. Qg3
h5 22. Bh6 Qg4 23. Nd4 Bxg2 24. Qxg4 hxg4 25. Kxg2 gxh6 26. Nf5 Kh7 27. Bb1 h5
28. Nd4+ Kh6 29. Nf5+ Kg5 30. h4+ Kf4 31. Rd1 Kxe5 32. Ra3 Rab8 33. Ng3 f5 34.
Re3+ Kf4 35. Ne2# 1-0

[Event "CYCC U10"]
[Site "Hamilton CAN"]
[Date "2022.07.09"]
[Round "4.19"]
[White "Li, Jerry"]
[Black "Chua, Zachary"]
[Result "1/2-1/2"]
[WhiteElo "1008"]
[BlackElo "861"]
[PlyCount "94"]
[EventDate "2022.07.08"]
[EventType "swiss"]
[EventRounds "7"]
[EventCountry "CAN"]

1. e4 c5 2. Nf3 d6 3. d4 cxd4 4. Nxd4 Nf6 5. Nc3 Nc6 6. f3 e6 7. Be3 Be7 8. Qd2
d5 9. Nxc6 bxc6 10. e5 Nd7 11. f4 c5 12. Bf2 Rb8 13. O-O-O Qb6 14. Na4 Qb7 15.
c3 Nb6 16. Nxc5 Bxc5 17. Bxc5 Na4 18. Ba3 Bd7 19. Kb1 Rc8 20. Bb4 Bb5 21. g4
Qb6 22. Bxb5+ Qxb5 23. Qd3 Qxd3+ 24. Rxd3 Nb6 25. f5 Rc4 26. Rd4 h5 27. fxe6
fxe6 28. g5 Kf7 29. Rf1+ Kg6 30. h4 Rxd4 31. cxd4 Nc4 32. Rf3 Rb8 33. Rb3 a5
34. Bc3 Rf8 35. Rb5 Ne3 36. Kc1 Nf5 37. Rxa5 Nxh4 38. Bd2 Nf3 39. Be3 Nxg5 40.
Bxg5 Kxg5 41. b4 h4 42. Ra3 Rf1+ 43. Kb2 Rf4 44. Rb3 h3 45. Rxh3 Rxd4 46. Kc3
Rc4+ 47. Kb3 Kg4 1/2-1/2

[Event "CYCC U10"]
[Site "Hamilton CAN"]
[Date "2022.07.09"]
[Round "4.20"]
[White "Moses, Niam"]
[Black "Shah, Ameya"]
[Result "1-0"]
[WhiteElo "946"]
[BlackElo "535"]
[PlyCount "85"]
[EventDate "2022.07.08"]
[EventType "swiss"]
[EventRounds "7"]
[EventCountry "CAN"]

1. e4 c5 2. Nf3 Nc6 3. Bb5 a6 4. Bxc6 bxc6 5. O-O d6 6. d4 cxd4 7. Nxd4 Bb7 8.
Re1 e5 9. Nf3 Nf6 10. Nc3 g6 11. Bd2 Bg7 12. Qc1 O-O 13. Bh6 Bxh6 14. Qxh6 Ng4
15. Qg5 Qxg5 16. Nxg5 h6 17. Nf3 f6 18. h3 Nxf2 19. Kxf2 f5 20. exf5 Rxf5 21.
g4 Rff8 22. Kg3 c5 23. Nh2 Rfe8 24. Rad1 Rad8 25. Ne4 Re6 26. Nxc5 Re7 27. Nxb7
Rxb7 28. b3 Re7 29. c4 Re6 30. c5 d5 31. Nf3 e4 32. Nd4 Rf6 33. Nc2 Rf3+ 34.
Kg2 Rdf8 35. Rf1 Rxf1 36. Rxf1 Rc8 37. b4 a5 38. a3 axb4 39. axb4 Re8 40. Re1
e3 41. Rxe3 Rd8 42. c6 Rc8 43. Nd4 1-0

[Event "CYCC U10"]
[Site "Hamilton CAN"]
[Date "2022.07.09"]
[Round "4.21"]
[White "Chan, Bryan"]
[Black "Grosman, Noah"]
[Result "1-0"]
[WhiteElo "869"]
[BlackElo "944"]
[PlyCount "105"]
[EventDate "2022.07.08"]
[EventType "swiss"]
[EventRounds "7"]
[EventCountry "CAN"]

1. e4 e5 2. Nf3 Nc6 3. Bc4 Bc5 4. d3 d6 5. Ng5 Qf6 6. O-O Be6 7. Bxe6 fxe6 8.
Nc3 h6 9. Nf3 O-O-O 10. Be3 Nd4 11. Bxd4 exd4 12. Na4 e5 13. c3 dxc3 14. Nxc3
g5 15. Nd5 Qe6 16. b4 c6 17. bxc5 cxd5 18. cxd6 Rxd6 19. exd5 Rxd5 20. Qc2+ Qc6
21. Qxc6+ bxc6 22. Rfe1 Rxd3 23. Nxe5 Rc3 24. Rac1 Rxc1 25. Rxc1 Ne7 26. Nxc6
Nxc6 27. Rxc6+ Kb7 28. Rc2 Rd8 29. g3 h5 30. Rc5 h4 31. Rxg5 h3 32. Rg7+ Ka8
33. f4 Rd1+ 34. Kf2 Rd2+ 35. Kf3 Rxa2 36. f5 Ra5 37. Kg4 a6 38. f6 Rb5 39. f7
Rb8 40. Rg8 Ka7 41. Rxb8 Kxb8 42. f8=Q+ Kb7 43. Kxh3 a5 44. g4 a4 45. g5 a3 46.
Qxa3 Kb8 47. g6 Kb7 48. g7 Kc7 49. g8=R Kd7 50. Qa6 Ke7 51. Rg7+ Kf8 52. Rb7
Ke8 53. Qa8# 1-0

[Event "CYCC U10"]
[Site "Hamilton CAN"]
[Date "2022.07.09"]
[Round "4.22"]
[White "Yang, Larry"]
[Black "Garayev, Emil"]
[Result "0-1"]
[WhiteElo "764"]
[BlackElo "911"]
[PlyCount "53"]
[EventDate "2022.07.08"]
[EventType "swiss"]
[EventRounds "7"]
[EventCountry "CAN"]

1. d4 d5 2. Bf4 Nc6 3. Nf3 Nf6 4. Nc3 Bf5 5. Nb5 Nb4 6. Nxc7+ Kd7 7. Nxa8 Nxc2+
8. Kd2 Qa5+ 9. Kc1 Nxa1 10. e3 Qxa2 11. Bd3 Nb3+ 12. Kc2 Ne4 13. Rf1 e6 14.
Ne5+ Ke7 15. f3 f6 16. fxe4 dxe4 17. Bc4 Na1+ 18. Qxa1 Qxa1 19. Rxa1 fxe5 20.
Bxe5 a6 21. b4 Kd7 22. b5 Bd6 23. bxa6 Bxe5 24. dxe5 bxa6 25. Rxa6 Rc8 26. Kb3
Bg4 27. Ra7+ {Unreadable} 0-1

[Event "CYCC U10"]
[Site "Hamilton CAN"]
[Date "2022.07.09"]
[Round "4.27"]
[White "Tsukerman, Leon"]
[Black "Sriramulu, Krithik"]
[Result "1-0"]
[WhiteElo "593"]
[BlackElo "937"]
[PlyCount "125"]
[EventDate "2022.07.08"]
[EventType "swiss"]
[EventRounds "7"]
[EventCountry "CAN"]

1. f3 d5 2. e4 Nc6 3. Nc3 e6 4. d4 Be7 5. Be3 Bb4 6. a3 Bxc3+ 7. bxc3 Nge7 8.
c4 dxe4 9. fxe4 e5 10. dxe5 Qxd1+ 11. Rxd1 Nxe5 12. Bf4 f6 13. Be2 O-O 14. Nf3
Nxf3+ 15. Bxf3 Ng6 16. Bxc7 f5 17. O-O Kh8 18. Rd8 Rxd8 19. Bxd8 Be6 20. exf5
Bxf5 21. g4 Bxc2 22. Rf2 Ba4 23. Bg5 Bc6 24. Kg2 Bxf3+ 25. Kxf3 Rf8+ 26. Ke3
Rxf2 27. Kxf2 Kg8 28. Ke3 Kf7 29. Kd4 Nf8 30. Be3 g6 31. Kd5 a6 32. Kd6 Ke8 33.
Kc7 b5 34. cxb5 axb5 35. Kb6 b4 36. axb4 Nd7+ 37. Kb7 Nf6 38. g5 Nd5 39. Bd2
Nxb4 40. Bxb4 Kf7 41. Kc6 Kg7 42. Kd5 h6 43. gxh6+ Kxh6 44. Bd2+ Kh5 45. Ke4 g5
46. Kf3 g4+ 47. Kg3 Kg6 48. Kxg4 Kh7 49. h4 Kg6 50. h5+ Kh7 51. Kg5 Kg8 52. Kg6
Kh8 53. h6 Kg8 54. Be3 Kh8 55. Bd4+ Kg8 56. h7+ Kf8 57. h8=Q+ Ke7 58. Qf6+ Kd7
59. Bc5 Kc7 60. Qd6+ Kc8 61. Qe7 Kb8 62. Bb6 Kc8 63. Qc7# 1-0

[Event "CYCC U10"]
[Site "Hamilton CAN"]
[Date "2022.07.09"]
[Round "4.28"]
[White "Sun, Erik"]
[Black "Zhang, Nathan"]
[Result "0-1"]
[WhiteElo "853"]
[BlackElo "813"]
[PlyCount "72"]
[EventDate "2022.07.08"]
[EventType "swiss"]
[EventRounds "7"]
[EventCountry "CAN"]

1. d4 d5 2. e4 e6 3. Nc3 Nf6 4. e5 Nfd7 5. Nf3 Be7 6. Bd3 O-O 7. O-O c5 8. dxc5
Nxc5 9. h3 Nxd3 10. Qxd3 Nc6 11. Nb5 a6 12. Nd6 Bxd6 13. exd6 Qxd6 14. Ng5 g6
15. Nf3 e5 16. Nh4 e4 17. Qc3 Qe7 18. Bh6 d4 19. Qg3 Rd8 20. c3 dxc3 21. Qxc3
Nd4 22. Rfd1 Ne2+ 23. Kf1 Nxc3 24. Rxd8+ Qxd8 25. bxc3 Qxh4 26. Be3 Be6 27. g3
Qxh3+ 28. Ke2 Bc4+ 29. Kd2 Rd8+ 30. Kc2 Bd3+ 31. Kb2 Rd5 32. Bd4 Rb5+ 33. Ka3
Qd7 34. Re1 Qd6+ 35. Ka4 Qd8 36. f3 Qa5# 0-1

[Event "CYCC U10"]
[Site "Hamilton CAN"]
[Date "2022.07.10"]
[Round "5.1"]
[White "Marchand, Calix"]
[Black "Liu, Zachary"]
[Result "1-0"]
[WhiteElo "1900"]
[BlackElo "1891"]
[PlyCount "87"]
[EventDate "2022.07.08"]
[EventType "swiss"]
[EventRounds "7"]
[EventCountry "CAN"]

1. e4 c5 2. c3 d5 3. exd5 Qxd5 4. Nf3 Bg4 5. Be2 Nc6 6. d4 e6 7. O-O Nf6 8. Na3
Be7 9. Nc2 Qd8 10. h3 Bh5 11. Ne5 Bxe2 12. Qxe2 Qb6 13. Re1 O-O 14. Bg5 Rad8
15. Nc4 Qa6 16. dxc5 Rd5 17. Bxf6 Bxf6 18. N2e3 Rxc5 19. b4 Rxc4 20. Nxc4 Bxc3
21. b5 Qxb5 22. Rab1 Qa6 23. Rec1 Bf6 24. Qe4 Nd4 25. Kh1 b6 26. Ne5 Nf5 27.
Nd7 Rd8 28. Nxf6+ gxf6 29. g4 Nh4 30. Rd1 Rf8 31. a4 Qa5 32. Rd3 Qc5 33. Rf1
Qg5 34. f4 Qh6 35. Rb3 Ng6 36. f5 Ne5 37. g5 Qg7 38. gxf6 Qxf6 39. Re3 Nd7 40.
Qg2+ Kh8 41. fxe6 Qd4 42. Re4 Qd3 43. Rg1 Qc3 44. exf7 1-0

[Event "CYCC U10"]
[Site "Hamilton CAN"]
[Date "2022.07.10"]
[Round "5.2"]
[White "Gao, Heye"]
[Black "Wu, Nicholas"]
[Result "1-0"]
[WhiteElo "1521"]
[BlackElo "1395"]
[PlyCount "83"]
[EventDate "2022.07.08"]
[EventType "swiss"]
[EventRounds "7"]
[EventCountry "CAN"]

1. e4 d5 2. exd5 Qxd5 3. Nc3 Qd6 4. d4 c6 5. Bc4 Nf6 6. h3 Bf5 7. Nf3 Nbd7 8.
Be3 e6 9. Qd2 Qc7 10. Bf4 Bd6 11. Bxd6 Qxd6 12. O-O O-O 13. Rfe1 Nd5 14. Nxd5
cxd5 15. Bd3 Bxd3 16. Qxd3 Rfc8 17. c3 Qc6 18. Ng5 Nf6 19. Nf3 b5 20. Ne5 Qb6
21. a3 a5 22. f3 Qb7 23. Ng4 Nd7 24. f4 g6 25. h4 b4 26. axb4 axb4 27. Rxa8
Rxa8 28. h5 bxc3 29. bxc3 Qc7 30. hxg6 hxg6 31. Rf1 Ra3 32. Rf3 Nb6 33. Ne5 Na4
34. Qb5 Nxc3 35. Qe8+ Kg7 36. Rh3 Ra1+ 37. Kh2 Kf6 38. Nd7+ Kf5 39. Qxf7+ Ke4
40. Nf6+ Kxd4 41. Qxc7 g5 42. Qxc3# 1-0

[Event "CYCC U10"]
[Site "Hamilton CAN"]
[Date "2022.07.10"]
[Round "5.3"]
[White "Su, Jayden"]
[Black "Mendes, Aaron Reeve"]
[Result "0-1"]
[WhiteElo "1267"]
[BlackElo "2106"]
[PlyCount "80"]
[EventDate "2022.07.08"]
[EventType "swiss"]
[EventRounds "7"]
[EventCountry "CAN"]

1. e4 c5 2. Nf3 d6 3. d4 cxd4 4. Nxd4 Nf6 5. Nc3 a6 6. h3 e5 7. Nde2 b5 8. g4
h6 9. Bg2 Bb7 10. Ng3 Nbd7 11. Be3 Rc8 12. a3 g6 13. Qd2 Nb6 14. Bxb6 Qxb6 15.
O-O Be7 16. Nce2 h5 17. g5 Nh7 18. h4 f6 19. Bh3 Rd8 20. Nxh5 Nxg5 21. hxg5
Rxh5 22. gxf6 Bxf6 23. Bg2 Rg5 24. Nc3 Ke7 25. Nd5+ Bxd5 26. Qxd5 Rh8 27. Rad1
Rh4 28. Qd3 Rhg4 29. Qh3 Rxg2+ 30. Qxg2 Rxg2+ 31. Kxg2 Qc6 32. Rfe1 Qxc2 33.
Rb1 Bh4 34. Rf1 Qxe4+ 35. Kg1 Qf5 36. Kg2 e4 37. Rbe1 Qf3+ 38. Kh2 Bxf2 39. Rd1
Qg3+ 40. Kh1 Qh3# 0-1

[Event "CYCC U10"]
[Site "Hamilton CAN"]
[Date "2022.07.10"]
[Round "5.4"]
[White "Zhu, Elber"]
[Black "Jutras, Arnaud"]
[Result "0-1"]
[WhiteElo "1712"]
[BlackElo "1263"]
[PlyCount "80"]
[EventDate "2022.07.08"]
[EventType "swiss"]
[EventRounds "7"]
[EventCountry "CAN"]

1. d4 d5 2. Nf3 Nf6 3. e3 Bf5 4. b3 e6 5. Bb2 Be7 6. Bd3 Bxd3 7. Qxd3 O-O 8.
Nbd2 Nbd7 9. O-O a5 10. a3 a4 11. b4 b6 12. Ne5 Nxe5 13. dxe5 Nd7 14. c4 c6 15.
Rad1 Qb8 16. f4 b5 17. c5 Rd8 18. Nf3 Nf8 19. Nd4 Qc7 20. f5 Bg5 21. e4 Rd7 22.
Qg3 Bh6 23. h4 dxe4 24. f6 g6 25. Bc1 Bxc1 26. Rxc1 h6 27. Qe3 Kh7 28. Qxe4 Rd5
29. Nf3 Rad8 30. Qf4 Nd7 31. Ng5+ hxg5 32. hxg5 Rh8 33. Kf2 Qxe5 34. Rh1+ Kg8
35. Rxh8+ Kxh8 36. Qh4+ Kg8 37. Qh6 Qf4+ 38. Kg1 Qxc1+ 39. Kh2 Nxf6 40. Qh4
Qxg5 0-1

[Event "CYCC U10"]
[Site "Hamilton CAN"]
[Date "2022.07.10"]
[Round "5.5"]
[White "Ajith, Aayush"]
[Black "Yang, Nathan"]
[Result "1-0"]
[WhiteElo "1636"]
[BlackElo "1169"]
[PlyCount "65"]
[EventDate "2022.07.08"]
[EventType "swiss"]
[EventRounds "7"]
[EventCountry "CAN"]

1. d4 d5 2. Bf4 Nf6 3. Nf3 e6 4. e3 c6 5. Bd3 Qb6 6. b3 Be7 7. O-O h6 8. h3
Nbd7 9. c4 c5 10. Nc3 O-O 11. Bc2 a6 12. Ne5 cxd4 13. exd4 dxc4 14. bxc4 Nxe5
15. dxe5 Nd7 16. Qg4 Qd4 17. Ne4 Nxe5 18. Qg3 Ng6 19. Bd2 Qxc4 20. Nc3 Bh4 21.
Qe3 Rd8 22. Bxg6 fxg6 23. Ne4 Rd4 24. Rac1 Qd5 25. f3 e5 26. Rc5 Qd8 27. Rxe5
Rd3 28. Re8+ Kf7 29. Rxd8 Rxe3 30. Rxc8 Rxc8 31. Bxe3 Rc2 32. a4 Ke7 33. Rb1
1-0

[Event "CYCC U10"]
[Site "Hamilton CAN"]
[Date "2022.07.10"]
[Round "5.6"]
[White "Yang, Jayden"]
[Black "Deshpande, Sarthak"]
[Result "0-1"]
[WhiteElo "1071"]
[BlackElo "1595"]
[PlyCount "63"]
[EventDate "2022.07.08"]
[EventType "swiss"]
[EventRounds "7"]
[EventCountry "CAN"]

1. e4 c6 2. d4 d5 3. exd5 cxd5 4. Nf3 Nc6 5. Be3 Nf6 6. Nbd2 Bg4 7. Bb5 e6 8.
h3 Bxf3 9. Nxf3 Qa5+ 10. Qd2 Qxb5 11. O-O-O Ne4 12. Qe1 Qa4 13. Kb1 Nb4 14. a3
Nxc2 15. Qe2 Nxa3+ 16. bxa3 Nc3+ 17. Kc1 Nxe2+ 18. Kd2 Nc3 19. Kxc3 Rc8+ 20.
Kd2 Bxa3 21. Ke2 Qb5+ 22. Ke1 Rc2 23. Nd2 O-O 24. f3 Rfc8 25. Kf2 Bb4 26. Kg3
Bxd2 27. f4 Bxe3 28. Kh4 Bxf4 29. g4 Qe8 30. g5 Rg2 31. g6 Bg5+ 32. Kh5 0-1

[Event "CYCC U10"]
[Site "Hamilton CAN"]
[Date "2022.07.10"]
[Round "5.7"]
[White "Chen, Yuxuan"]
[Black "Li, Triston"]
[Result "0-1"]
[WhiteElo "647"]
[BlackElo "1533"]
[PlyCount "126"]
[EventDate "2022.07.08"]
[EventType "swiss"]
[EventRounds "7"]
[EventCountry "CAN"]

1. e4 c5 2. Nf3 d6 3. Bb5+ Bd7 4. Bxd7+ Qxd7 5. d4 cxd4 6. Nxd4 Nf6 7. Nc3 g6
8. O-O Bg7 9. h3 Nc6 10. Be3 O-O 11. Nde2 Rfd8 12. f4 d5 13. e5 Ne8 14. Qd2 Nc7
15. Rad1 f6 16. exf6 Bxf6 17. Nd4 Ne6 18. Nce2 Nc5 19. Nxc6 Qxc6 20. Bxc5 Qxc5+
21. Nd4 Bxd4+ 22. Qxd4 Qxc2 23. Rc1 Qf5 24. Rc7 Rd7 25. Rfc1 Rf8 26. g4 Qe6 27.
Rxd7 Qxd7 28. Qe5 Qd6 29. Qxd6 exd6 30. Rd1 Rxf4 31. Rxd5 Rb4 32. b3 Rb6 33.
Rd4 Kf7 34. Re4 Rb5 35. Kf2 Re5 36. Ra4 a6 37. Rb4 b5 38. a4 a5 39. Rxb5 Rxb5
40. axb5 Ke6 41. Ke3 Kd5 42. Kf4 Kc5 43. h4 d5 44. h5 d4 45. hxg6 hxg6 46. g5
Kxb5 47. Ke4 Kb4 48. Kxd4 Kxb3 49. Ke5 a4 50. Kf6 a3 51. Kxg6 a2 52. Kf7 a1=Q
53. g6 Qf1+ 54. Kg8 Qf6 55. g7 Kc4 56. Kh7 Qf7 57. Kh8 Qh5+ 58. Kg8 Kd5 59. Kf8
Qf5+ 60. Kg8 Ke6 61. Kh8 Qh5+ 62. Kg8 Kf6 63. Kf8 Qf7# 0-1

[Event "CYCC U10"]
[Site "Hamilton CAN"]
[Date "2022.07.10"]
[Round "5.8"]
[White "Puri, Ryan"]
[Black "Allahverdi, Umid"]
[Result "1-0"]
[WhiteElo "957"]
[BlackElo "1443"]
[PlyCount "115"]
[EventDate "2022.07.08"]
[EventType "swiss"]
[EventRounds "7"]
[EventCountry "CAN"]

1. e4 c5 2. Nf3 d6 3. Bb5+ Bd7 4. Bxd7+ Qxd7 5. d3 Nc6 6. O-O Nf6 7. Nc3 e6 8.
Bg5 Be7 9. h3 h6 10. Be3 O-O 11. Qd2 d5 12. e5 d4 13. exf6 dxc3 14. Qxc3 Bxf6
15. Qxc5 Bxb2 16. Rab1 Bf6 17. Qh5 b6 18. Qg4 Kh8 19. Rb5 Ne7 20. Rh5 Ng6 21.
Nd4 Bxd4 22. Bxd4 Rad8 23. Bb2 Kg8 24. f4 Rc8 25. Rf2 Rc5 26. Rxc5 bxc5 27. f5
exf5 28. Qxf5 Qb5 29. c4 Qa4 30. a3 Qd1+ 31. Kh2 Qb3 32. Qxc5 Qxd3 33. Qd4 Qxd4
34. Bxd4 Rc8 35. Rc2 a6 36. c5 Ne7 37. Rb2 Nc6 38. Bg1 Ne5 39. Rb6 Nd7 40. Rxa6
Nxc5 41. Ra5 Ne6 42. a4 Rb8 43. Ra6 Nf4 44. a5 Rb2 45. Ra8+ Kh7 46. a6 Ne6 47.
a7 Nc7 48. Rc8 Rb7 49. Rxc7 Rxc7 50. a8=Q g6 51. Bd4 g5 52. Qh8+ Kg6 53. Qg7+
Kf5 54. Qe5+ Kg6 55. Qxc7 h5 56. Qd6+ Kh7 57. Qf6 g4 58. Qg7# 1-0

[Event "CYCC U10"]
[Site "Hamilton CAN"]
[Date "2022.07.10"]
[Round "5.9"]
[White "Li, Ryan"]
[Black "Dunikov, David"]
[Result "1-0"]
[WhiteElo "1110"]
[BlackElo "1337"]
[PlyCount "55"]
[EventDate "2022.07.08"]
[EventType "swiss"]
[EventRounds "7"]
[EventCountry "CAN"]

1. d4 f5 2. Bg5 g6 3. c4 Bg7 4. Nf3 c5 5. e3 cxd4 6. exd4 Nf6 7. Bxf6 Bxf6 8.
g3 O-O 9. Bg2 d6 10. O-O Qe8 11. Nc3 Bg7 12. Re1 Nd7 13. Nd5 Qd8 14. Nxe7+ Kh8
15. Qb3 Re8 16. Nxc8 Rxc8 17. Rxe8+ Qxe8 18. Re1 Qd8 19. Qxb7 Rb8 20. Ng5 Rxb7
21. Nf7+ Kg8 22. Nxd8 Rxb2 23. Re8+ Nf8 24. Bd5+ Kh8 25. Ne6 Kg8 26. Nxf8+ Kh8
27. Ne6+ Bf8 28. Rxf8# 1-0

[Event "CYCC U10"]
[Site "Hamilton CAN"]
[Date "2022.07.10"]
[Round "5.10"]
[White "Lee, Daniel"]
[Black "Xing, Percy"]
[Result "1/2-1/2"]
[WhiteElo "873"]
[BlackElo "1161"]
[PlyCount "64"]
[EventDate "2022.07.08"]
[EventType "swiss"]
[EventRounds "7"]
[EventCountry "CAN"]

1. e4 e6 2. d4 d5 3. Nc3 Nf6 4. Bg5 Be7 5. e5 Nfd7 6. Bxe7 Qxe7 7. Nf3 c5 8.
Nb5 Qd8 9. Nd6+ Kf8 10. c3 Nc6 11. Bd3 c4 12. Bc2 a6 13. a4 f6 14. Qd2 fxe5 15.
Nxe5 Ndxe5 16. dxe5 Qe7 17. O-O g6 18. Qe3 Kg7 19. f4 Rf8 20. g4 Qh4 21. h3 d4
22. cxd4 Nxd4 23. Qxd4 Qg3+ 24. Kh1 Qxh3+ 25. Kg1 Qxg4+ 26. Kh2 Qh4+ 27. Kg2
Qg4+ 28. Kh2 Qh4+ 29. Kg2 Qg4+ 30. Kh2 Qh4+ 31. Kg2 Qg4+ 32. Kh2 Qh4+ 1/2-1/2